00626nam a2200193 a 450000100100000000500170001000800410002702000150006804000250008308200160010810000270012424500510015126000540020230000210025649000200027750400730029750400410037083000210041100001457920200929163854.0100115s1992 ve 000 0 spa d a9802761729 aDO-SdBNPbspacBNPHU axxxxbB641e1 aBlanco Fombona, Rufino10aEnsayos históricos /cRufino Blanco Fombona. aCaracas, Venezuela :bBiblioteca Ayacucho,c1992. a476 p. ;c23 cm.1 aAyacuchovv. 36 aIncluye referencias bibliográficas y notas al pie de las páginas aIncluye bibliografías (p. 473-476) 1aAyacuchonno. 36